Cải cách chế độ công vụ, công chức ở tỉnh Bà Rịa - Vũng Tàu
Gorde:
| Egile nagusia: | |
|---|---|
| Formatua: | Liburua |
| Hizkuntza: | Undetermined |
| Gaiak: | |
| Sarrera elektronikoa: | http://lrc.tdmu.edu.vn/opac/search/detail.asp?aID=2&ID=35575 |
| Etiketak: |
Etiketa erantsi
Etiketarik gabe, Izan zaitez lehena erregistro honi etiketa jartzen!
|
| Thư viện lưu trữ: | Trung tâm Học liệu Trường Đại học Thủ Dầu Một |
|---|
| LEADER | 00638nam a2200145Ia 4500 | ||
|---|---|---|---|
| 001 | TDMU_35575 | ||
| 008 | 210410s9999 xx 000 0 und d | ||
| 082 | |a 895.9223 0109 | ||
| 100 | |a Ngô, Minh Dũng | ||
| 245 | 0 | |a Cải cách chế độ công vụ, công chức ở tỉnh Bà Rịa - Vũng Tàu | |
| 245 | 0 | |c Ngô Minh Dũng | |
| 300 | |a Tr.95-105 | ||
| 650 | |a Chính tri - Xã hội; Cải cách; Chế độ công vụ; Công chức; Bà Rịa - Vũng Tàu | ||
| 856 | |u http://lrc.tdmu.edu.vn/opac/search/detail.asp?aID=2&ID=35575 | ||
| 980 | |a Trung tâm Học liệu Trường Đại học Thủ Dầu Một | ||